Test-Driven Development In Microsoft.Net (Record no. 323492)
[ view plain ]
| 000 -LEADER | |
|---|---|
| fixed length control field | 00456nam a2200157Ia 4500 |
| 008 - FIXED-LENGTH DATA ELEMENTS--GENERAL INFORMATION | |
| fixed length control field | 230718s9999 xx 000 0 und d |
| 041 ## - LANGUAGE CODE | |
| Language code of text/sound track or separate title | eng |
| 082 ## - DEWEY DECIMAL CLASSIFICATION NUMBER | |
| Classification number | 005.678 |
| Item number | NEW |
| 100 ## - MAIN ENTRY--PERSONAL NAME | |
| Personal name | Newkirk J.W. |
| 9 (RLIN) | 171320 |
| 245 ## - TITLE STATEMENT | |
| Title | Test-Driven Development In Microsoft.Net |
| 260 ## - PUBLICATION, DISTRIBUTION, ETC. (IMPRINT) | |
| Date of publication, distribution, etc. | 2005 |
| Name of publisher, distributor, etc. | Microsoft Press |
| 300 ## - PHYSICAL DESCRIPTION | |
| Extent | 273 |
| 365 ## - TRADE PRICE | |
| Currency code | Rs. |
| Price amount | 499.00 |
| 700 ## - ADDED ENTRY--PERSONAL NAME | |
| Personal name | Newkirk J.W. & Vorontsov A.A. |
| 9 (RLIN) | 190951 |
| 906 ## - LOCAL DATA ELEMENT F, LDF (RLIN) | |
| d | O:0047014-Jan-2010B:51811-Oct-2009 |
| c | COMP |
| b | 99.8 |
| Withdrawn status | Lost status | Damaged status | Not for loan | Home library | Current library | Date acquired | Vendor | Budget Code | Cost, normal purchase price | Bill number | Total Checkouts | Full call number | Barcode | Date last seen | Discount | Cost, replacement price | Bill Date | Koha item type | Original Barcode |
|---|---|---|---|---|---|---|---|---|---|---|---|---|---|---|---|---|---|---|---|
| Cummins College of Engineering for Women Pune | Cummins College of Engineering for Women Pune | 14/01/2010 | Pradeep Book Distributors | COMP | 399.20 | 518 | 005.678 | CCEP-BK-34699 | 18/07/2023 | 99.8 | 499.00 | 11/10/2009 | Books | 034699 |